000 01720cam a2200241 4500
001 L136896
008 070228n2007 000 0 eng u
035 _a(Sirsi) u136896
041 0 _aeng
050 _a333.335
110 2 _aSavills
_92020
245 0 0 _aSavills agricultural land market survey
_bSpring 2007
_h[electronic resource]
260 _aLondon
_bSavills
_c2007
490 0 _aSavills Agricultural Land Market Survey
_vSpring 2007
505 2 _aFarmland values -- Prime country house values -- Supply of farms in 2006 -- 2006 farm sellers -- 2006 farm buyers -- Outlook for 2007.
520 _aAverage farmland values increased by 15% in 2006 across Great Britain, recording a total growth of 50% since the beginning of 2004 - Savills expect values to continue to rise in 2007. Market activity across Great Britain increased by 2.7% during 2006 with just over 180 500 acres publicly marketed in 2006 compared with just under 176 000 acres during 2005. Lifestyle buyers are now competing with the increased farmer activity for the limited supply boosting the already strong demand. Overseas buyers were a strong source of demand in 2006, being the purchasers in 20% of all deals. Cash (excluding any rollover) was the principal means of purchase in 2006 representing the motive behind 40% of all buyers.
590 _aKA
650 2 4 _aSAVILLS AGRICULTURAL LAND MARKET SURVEY
651 4 _aGREAT BRITAIN
690 _aPROPERTY-RURAL AND NATURAL ASSETS-RURAL AND NATURAL ASSET MARKET
856 4 0 _uhttps://www.savills.com/research/content.asp?content=%5Cuber%5Fresearch%5C7925%2Ehtm&subcategory=none&contenttype=research&Section=uk
_zView the survey free of charge at www.savill.com...
942 _n0
999 _c106532
_d106532